General Knowledge A-Z - Statistics

General Stats
  • This quiz has been taken 108 times
  • The average score is 16 of 26
Answer Stats
Letter Hint Answer % Correct
E Bird on Albanian flag ? Eagle
87%
D River that flows through Budapest? Danube
86%
N Japanese company makers of Game Boy console ? Nintendo
86%
Q Canadian province ? Quebec
86%
Y World famous US Ivy League university ? Yale
84%
A Scottish city known as the'Granite City'? Aberdeen
81%
I Greek mythological character who flew too close to the sun ? Icarus
79%
S Large wading bird associated with delivering babies ? Stork
79%
H Device used to hold a gun round waist ? Holster
78%
K Middle Eastern country bordering Iraq ? Kuwait
75%
O Second largest city in Japan ? Osaka
75%
V The power used by a state to stop an official action ? Veto
67%
R Surgical procedure otherwise known as a nose job ? Rhinoplasty
62%
Z African island governed by Tanzania ? Zanzibar
62%
G Art museum on Fifth Avenue ? Guggenheim
61%
U James Joyce novel ? Ulysses
61%
F Cooking procedure in which alcohol is added to the pan ? Flambe
58%
P Yellow substance in which blood cells are suspended ? Plasma
53%
M A Seasonal reversing wind often occuring in Asia ? Monsoon
51%
X Persian king of 5th century Persia ? Xerxes
46%
L Italian liqueur ? Limoncello
36%
C Arteries that supply the brain with oxygenated blood? Carotid
34%
T Flowering plant of the ginger family often used in Indian cooking ? Turmeric
32%
B French composer Hector ------- ? Berlioz
26%
W Region of Romania ? Wallachia
24%
J Black gemstone ? Jet
22%
No matching quizzes found
Score Distribution
Percent of People with Each Score
Percentile by Number Answered
Your Score History
You have not taken this quiz